Μεγάροβον και Τύρνοβον : Τα δύο ελληνικά φρούρια της πόλεως Μοναστηριού και φωλέα του ελληνισμού της Δυτικής Μακεδονίας

Αποθηκεύτηκε σε:
Λεπτομέρειες βιβλιογραφικής εγγραφής
Κύριος συγγραφέας: Αγγέλου, Τηλέμαχος
Μορφή: Βιβλίο
Γλώσσα:Greek
Δημοσίευση: Θεσσαλονίκη: [χ.ε], 1954.
Θέματα:
Ετικέτες: Προσθήκη ετικέτας
Δεν υπάρχουν, Καταχωρήστε ετικέτα πρώτοι!

MARC

LEADER 00000cam a2200000 a 4500
001 1/124904
008 220519s1954####gr | ||| |||| ||gre||
040 |a GR-MyUa  |b gre  |c GR-MyUa  |e AACR2 
041 0 |a gre 
082 7 |a 499.28   |2 (23)  
100 1 |a Αγγέλου, Τηλέμαχος. 
245 1 0 |a Μεγάροβον και Τύρνοβον :   |b Τα δύο ελληνικά φρούρια της πόλεως Μοναστηριού και φωλέα του ελληνισμού της Δυτικής Μακεδονίας /   |c υπό Τηλέμαχου Αγγέλου.  
260 |a Θεσσαλονίκη:   |b [χ.ε],   |c 1954.  
300 |a 39 σ. ;   |c 22 εκ.  
650 0 |a Castles  |z Bulgaria  |z Veliko Tŭrnovo. 
651 0 |a Bulgaria  |x History. 
651 0 |a Malko Tŭrnovo (Bulgaria) 
970 |a Σιδερή  |b Νεκταρία   |z 2022/05/19